| 000 | 00858nam a2200241 a 4500 | ||
|---|---|---|---|
| 001 | 47065 | ||
| 003 | BD-RjUL | ||
| 005 | 20211209054244.0 | ||
| 008 | 160807s1972 ii b 001 0 eng | ||
| 035 | _a(BD-RjUL)47184 | ||
| 040 |
_aDLC _cDLC _dDLC _dBD-RjUL _beng |
||
| 041 | _aeng | ||
| 082 |
_223 _bMAS 1972 _a 342.02 |
||
| 100 | 1 | 0 |
_aMahajan, Vidya Dhar. _9118142 |
| 245 | 1 | 0 |
_aSelect modern governments : _bincluding the Constitutions of England, U.S.A., Switzerland, U.S.S.R., Canada, Red China, Pakistan, France, Australia, Union of South Africa, Irish Free State, Japan, Burma, Ceylon, and India. / |
| 250 | _a8th ed., thoroughly rev. and enl. | ||
| 260 |
_aDelhi : _bS. Chand, _c1972 |
||
| 300 |
_axvi, 330 p. _c22 cm. |
||
| 500 | _aIncludes index | ||
| 650 | 0 |
_aComparative government. _9143347 |
|
| 942 |
_2ddc _cBK |
||
| 999 |
_c47065 _d47065 |
||